[Event "IM Marmaris Karia IV 2019"]
[Site "Marmaris"]
[Date "2019.01.29"]
[Round "6.3"]
[White "Rzayev, Bahruz"]
[Black "Hamidi, Amir Mohammad"]
[Result "1-0"]
[WhiteElo "2359"]
[BlackElo "2221"]
[Annotator "NA"]
[PlyCount "89"]
[EventDate "2019.01.27"]
[EventType "schev"]
[EventCountry "TUR"]
[SourceTitle "playchess.com"]
[Source "ChessBase"]
[SourceQuality "1"]
[TimeControl "5400+30"]

1. e4 {[%emt 0:00:30]} e6 {[%emt 0:00:30]} 2. d4 {[%emt 0:00:30]} d5 {[%emt 0:00:00]} 3. Bd3 {[%emt 0:00:00]} dxe4 {[%emt 0:00:00]} 4. Bxe4 {[%emt 0:00:00]} Nf6 {[%emt 0:00:00]} 5. Bf3 {[%emt 0:00:00]} c5 {[%emt 0:00:00]} 6. Ne2 {[%emt 0:00:00]} Nc6 {[%emt 0:00:00]} 7. Be3 {[%emt 0:00:30]} e5 {[%emt 0:00:00]} 8. Bxc6+ {[%emt 0:05:30]} bxc6 {[%emt 0:00:30]} 9. dxe5 {[%emt 0:00:30]} Qxd1+ {[%emt 0:00:00]} 10. Kxd1 {[%emt 0:00:30]} Ng4 {[%emt 0:00:00]} 11. Nd2 {[%emt 0:02:30]} Nxe5 {[%emt 0:07:30]} 12. Re1 {[%emt 0:01:30]} f6 {[%emt 0:03:30]} 13. Bf4 {[%emt 0:03:30]} Ng6 {[%emt 0:01:30]} 14. Bg3 {[%emt 0:00:30]} Kf7 {[%emt 0:00:30]} 15. a4 {[%emt 0:01:30]} h5 {[%emt 0:00:30]} 16. h4 {[%emt 0:00:30]} Be6 {[%emt 0:04:30]} 17. a5 {[%emt 0:00:30]} Be7 {[%emt 0:01:30]} 18. Ra4 {[%emt 0:07:30]} Rad8 {[%emt 0:02:30]} 19. Kc1 {[%emt 0:00:30]} Rhe8 {[%emt 0:00:30]} 20. f3 {[%emt 0:05:30]} a6 {[%emt 0:10:30]} 21. Nc4 {[%emt 0:10:30]} Bf8 {[%emt 0:05:30]} 22. Nb6 {[%emt 0:03:30]} Bf5 {[%emt 0:06:30]} 23. Bc7 {[%emt 0:07:30]} Rd4 {[%emt 0:00:30]} 24. Nxd4 {[%emt 0:00:30]} Rxe1+ {[%emt 0:00:30]} 25. Kd2 {[%emt 0:00:00]} Re7 {[%emt 0:00:30]} 26. Nxf5 {[%emt 0:00:00]} Rxc7 {[%emt 0:00:00]} 27. Ng3 {[%emt 0:02:30]} Ne7 {[%emt 0:01:00]} 28. Nxh5 {[%emt 0:01:30]} Nf5 {[%emt 0:00:30]} 29. Rg4 {[%emt 0:03:30]} g6 {[%emt 0:01:30]} 30. Nf4 {[%emt 0:03:30]} Nh6 {[%emt 0:00:30]} 31. h5 {[%emt 0:03:30]} Nxg4 {[%emt 0:04:30]} 32. hxg6+ {[%emt 0:00:30]} Kg8 {[%emt 0:01:30]} 33. fxg4 {[%emt 0:00:30]} Bh6 {[%emt 0:00:00]} 34. g3 {[%emt 0:00:30]} Re7 {[%emt 0:14:00]} 35. Kd3 {[%emt 0:03:30]} Re1 {[%emt 0:02:30]} 36. Nh5 {[%emt 0:07:30]} Bg5 {[%emt 0:01:30]} 37. Nc8 {[%emt 0:01:30]} Re8 {[%emt 0:07:30]} 38. Na7 {[%emt 0:00:30]} Re6 {[%emt 0:06:31]} 39. Kc4 {[%emt 0:00:30]} Be3 {[%emt 0:00:41]} 40. Nc8 {[%emt 0:00:30]} Re4+ {[%emt 0:04:30]} 41. Kd3 {[%emt 0:00:30]} Re6 {[%emt 0:00:04]} 42. c3 {[%emt 0:00:30]} Bc1 {[%emt 0:01:26]} 43. b3 {[%emt 0:00:30]} Bh6 {[%emt 0:00:20]} 44. Nb6 {[%emt 0:00:30]} Bf8 {[%emt 0:01:33]} 45. Nd7 {[%emt 0:01:30]} 1-0

[Event "IM Marmaris Karia IV 2019"]
[Site "Marmaris"]
[Date "2019.01.29"]
[Round "6.4"]
[White "Darban, Morteza"]
[Black "Mammadova, Narmin"]
[Result "0-1"]
[WhiteElo "2333"]
[BlackElo "2219"]
[Annotator "NA"]
[PlyCount "92"]
[EventDate "2019.01.27"]
[EventType "schev"]
[EventCountry "TUR"]
[SourceTitle "playchess.com"]
[Source "ChessBase"]
[SourceQuality "1"]
[TimeControl "5400+30"]

1. d4 {[%emt 0:00:30]} d5 {[%emt 0:01:30]} 2. Nc3 {[%emt 0:01:30]} Nf6 {[%emt 0:00:30]} 3. Bg5 {[%emt 0:00:00]} c6 {[%emt 0:02:30]} 4. Bxf6 {[%emt 0:03:00]} gxf6 {[%emt 0:00:30]} 5. e4 {[%emt 0:02:30]} e6 {[%emt 0:00:30]} 6. Nf3 {[%emt 0:00:30]} Be7 {[%emt 0:02:30]} 7. Bd3 {[%emt 0:01:30]} dxe4 {[%emt 0:01:30]} 8. Nxe4 {[%emt 0:00:00]} b6 {[%emt 0:00:00]} 9. Qe2 {[%emt 0:04:00]} Bb7 {[%emt 0:01:00]} 10. O-O-O {[%emt 0:00:30]} Qc7 {[%emt 0:02:30]} 11. Kb1 {[%emt 0:00:00]} Nd7 {[%emt 0:01:30]} 12. g3 {[%emt 0:01:00]} O-O-O {[%emt 0:01:30]} 13. c4 {[%emt 0:00:30]} Kb8 {[%emt 0:07:30]} 14. Rc1 {[%emt 0:07:30]} c5 {[%emt 0:04:30]} 15. Rhd1 {[%emt 0:02:30]} cxd4 {[%emt 0:10:30]} 16. Nxd4 {[%emt 0:00:30]} Nc5 {[%emt 0:01:30]} 17. Nxc5 {[%emt 0:06:30]} Bxc5 {[%emt 0:00:30]} 18. Nb5 {[%emt 0:00:30]} Qc6 {[%emt 0:07:30]} 19. Nc3 {[%emt 0:00:30]} f5 {[%emt 0:01:30]} 20. a3 {[%emt 0:01:30]} a6 {[%emt 0:04:30]} 21. f4 {[%emt 0:00:30]} Bd4 {[%emt 0:01:30]} 22. Ka2 {[%emt 0:03:30]} Ka7 {[%emt 0:00:30]} 23. Qc2 {[%emt 0:03:30]} h5 {[%emt 0:02:30]} 24. Bf1 {[%emt 0:07:30]} Bf6 {[%emt 0:07:30]} 25. Rxd8 {[%emt 0:00:30]} Rxd8 {[%emt 0:05:30]} 26. Rd1 {[%emt 0:03:30]} Rxd1 {[%emt 0:00:30]} 27. Nxd1 {[%emt 0:00:30]} Qc5 {[%emt 0:06:30]} 28. Bd3 {[%emt 0:05:30]} h4 {[%emt 0:02:30]} 29. Qf2 {[%emt 0:01:30]} Qd6 {[%emt 0:02:30]} 30. Qe2 {[%emt 0:01:30]} hxg3 {[%emt 0:00:30]} 31. hxg3 {[%emt 0:00:00]} Bd4 {[%emt 0:02:04]} 32. Qc2 {[%emt 0:06:00]} Qc6 {[%emt 0:01:01]} 33. Qb3 {[%emt 0:05:30]} Qg2 {[%emt 0:03:45]} 34. Bc2 {[%emt 0:01:30]} Qg1 {[%emt 0:03:33]} 35. Bb1 {[%emt 0:06:30]} Qe1 {[%emt 0:03:17]} 36. Bc2 {[%emt 0:00:30]} Qd2 $17 {[%emt 0:03:35]} 37. Kb1 {[%emt 0:02:30]} Bc5 {[%emt 0:02:07]} 38. Ka2 {[%emt 0:03:30]} Qg2 {[%emt 0:00:52]} 39. Kb1 {[%emt 0:02:23]} Bf3 {[%emt 0:00:34]} 40. Qa4 {[%emt 0:01:14]} Bc6 {[%emt 0:01:34]} 41. Qb3 {[%emt 0:00:02]} Kb7 {[%emt 0:01:02]} 42. Ka2 {[%emt 0:00:07]} Kc7 {[%emt 0:00:23]} 43. Bb1 {[%emt 0:01:45]} Bf3 {[%emt 0:01:07]} 44. Qc2 {[%emt 0:01:19]} Qxg3 {[%emt 0:00:42]} 45. Qd2 {[%emt 0:00:04]} Bc6 {[%emt 0:00:57]} 46. b4 {[%emt 0:00:26]} Bd6 {[%emt 0:00:37]} 0-1

[Event "IM Marmaris Karia IV 2019"]
[Site "Marmaris"]
[Date "2019.01.29"]
[Round "6.5"]
[White "Haussernot, Cecile"]
[Black "Alaz, Ahmet Efekan"]
[Result "1/2-1/2"]
[WhiteElo "2157"]
[BlackElo "2218"]
[Annotator "NA"]
[PlyCount "103"]
[EventDate "2019.01.27"]
[EventType "schev"]
[EventCountry "TUR"]
[SourceTitle "playchess.com"]
[Source "ChessBase"]
[SourceQuality "1"]
[TimeControl "5400+30"]

1. d4 {[%emt 0:05:30]} d5 {[%emt 0:00:30]} 2. Bf4 {[%emt 0:00:30]} Nf6 {[%emt 0:00:30]} 3. e3 {[%emt 0:00:30]} c5 {[%emt 0:02:30]} 4. c3 {[%emt 0:00:30]} Nc6 {[%emt 0:00:30]} 5. Nd2 {[%emt 0:00:00]} Bf5 {[%emt 0:03:30]} 6. Ngf3 {[%emt 0:00:00]} e6 {[%emt 0:00:00]} 7. Qb3 {[%emt 0:01:30]} Qb6 {[%emt 0:04:00]} 8. Qxb6 {[%emt 0:02:30]} axb6 {[%emt 0:00:00]} 9. Bb5 {[%emt 0:00:30]} Nd7 {[%emt 0:02:00]} 10. Ne5 {[%emt 0:01:30]} Ndxe5 {[%emt 0:05:30]} 11. Bxe5 {[%emt 0:00:30]} Kd7 {[%emt 0:04:30]} 12. O-O {[%emt 0:05:30]} f6 {[%emt 0:18:30]} 13. Bg3 {[%emt 0:00:30]} Bd6 {[%emt 0:08:30]} 14. f3 {[%emt 0:04:30]} cxd4 {[%emt 0:13:30]} 15. exd4 {[%emt 0:02:30]} Bxg3 {[%emt 0:04:30]} 16. hxg3 {[%emt 0:00:00]} Kd6 {[%emt 0:00:30]} 17. g4 {[%emt 0:03:00]} Bg6 {[%emt 0:00:00]} 18. f4 {[%emt 0:01:30]} h5 {[%emt 0:03:00]} 19. g5 {[%emt 0:05:30]} Nd8 {[%emt 0:04:30]} 20. Nf3 {[%emt 0:01:30]} Be4 {[%emt 0:01:30]} 21. Nd2 {[%emt 0:05:30]} Bf5 {[%emt 0:01:30]} 22. c4 {[%emt 0:00:30]} Nc6 {[%emt 0:02:26]} 23. Nf3 {[%emt 0:00:30]} Be4 {[%emt 0:08:31]} 24. Bxc6 {[%emt 0:02:30]} bxc6 {[%emt 0:00:04]} 25. Nd2 {[%emt 0:01:30]} Bd3 {[%emt 0:00:22]} 26. Rfc1 {[%emt 0:00:00]} Bxc4 {[%emt 0:04:24]} 27. Nxc4+ {[%emt 0:00:00]} dxc4 {[%emt 0:00:01]} 28. gxf6 {[%emt 0:00:30]} gxf6 {[%emt 0:00:40]} 29. Rxc4 {[%emt 0:00:00]} Ra5 {[%emt 0:03:59]} 30. Rac1 {[%emt 0:00:00]} Rc8 {[%emt 0:00:18]} 31. a3 {[%emt 0:02:30]} Rb5 {[%emt 0:00:42]} 32. b4 {[%emt 0:00:30]} Rf5 {[%emt 0:01:26]} 33. a4 {[%emt 0:00:00]} Rxf4 {[%emt 0:02:19]} 34. b5 {[%emt 0:00:00]} Kd5 {[%emt 0:00:55]} 35. Rxc6 {[%emt 0:03:30]} Rb8 {[%emt 0:01:01]} 36. Re1 {[%emt 0:04:30]} e5 {[%emt 0:00:33]} 37. dxe5 {[%emt 0:00:30]} fxe5 {[%emt 0:00:05]} 38. Rh6 {[%emt 0:00:30]} Rxa4 {[%emt 0:01:05]} 39. Rxh5 {[%emt 0:00:00]} Re4 {[%emt 0:00:28]} 40. Rc1 {[%emt 0:00:00]} Rg8 {[%emt 0:00:33]} 41. Rc2 {[%emt 0:04:30]} Rb4 {[%emt 0:00:29]} 42. Rd2+ {[%emt 0:00:30]} Rd4 {[%emt 0:00:15]} 43. Rc2 {[%emt 0:00:30]} Rg6 {[%emt 0:00:40]} 44. Rh8 {[%emt 0:01:30]} Ke4 {[%emt 0:00:41]} 45. Re2+ {[%emt 0:01:30]} Kd5 {[%emt 0:00:22]} 46. Rc2 {[%emt 0:00:30]} Re6 {[%emt 0:00:34]} 47. Kf2 {[%emt 0:02:30]} Rf6+ {[%emt 0:00:20]} 48. Ke3 {[%emt 0:00:00]} Re4+ {[%emt 0:00:13]} 49. Kd3 {[%emt 0:00:00]} Rd4+ {[%emt 0:00:17]} 50. Ke3 {[%emt 0:00:30]} Re4+ {[%emt 0:00:54]} 51. Kd3 {[%emt 0:00:00]} Rd4+ {[%emt 0:00:28]} 52. Ke3 {[%emt 0:00:00]} 1/2-1/2

[Event "IM Marmaris Karia IV 2019"]
[Site "Marmaris"]
[Date "2019.01.30"]
[Round "7.1"]
[White "Ahmadzada, Ahmad"]
[Black "Pacher, Milan"]
[Result "1-0"]
[WhiteElo "2337"]
[BlackElo "2442"]
[Annotator "TA"]
[PlyCount "55"]
[EventDate "2019.01.27"]
[EventType "schev"]
[EventCountry "TUR"]
[SourceTitle "playchess.com"]
[Source "ChessBase"]
[SourceQuality "1"]

{[%evp 17,55,30,46,8,11,-33,-27,-38,-35,-27,2,0,7,-28,-10,-6,0,-6,112,109,108,114,267,251,273,277,442,442,439,435,430,430,558,445,526,370,384,384,1427,1393]} 1. Nf3 c5 2. e4 Nc6 3. Bb5 g6 4. Bxc6 bxc6 5. O-O Bg7 6. Re1 Nh6 7. c3 O-O 8. d4 cxd4 9. cxd4 d5 10. Bxh6 $146 {B31: Sicilian: 2...Nc6 3 Bb5 g6} ({Predecessor:} 10. e5 f6 11. Qc2 Bg4 12. Nbd2 Qb6 13. h3 fxe5 14. hxg4 Nxg4 15. Nc4 dxc4 16. Qxc4+ Kh8 17. Qe6 Rf5 {½-½ (64) Vidit,S (2707)-Gelfand,B (2695) Poikovsky 2018}) 10... Bxh6 11. Nc3 dxe4 12. Rxe4 {Black has an edge.} Bf5 13. Re1 Rb8 14. Ne5 Qc7 15. b3 Rfd8 16. Qf3 $1 $36 {[%mdl 2048] White has some pressure.} Rbc8 {Threatens to win with ...Bd2.} 17. d5 {[%cal Re5c6]} Bd2 (17... Qa5 $1 $11 {keeps the balance.} 18. b4 (18. dxc6 Bd2 $17) (18. Nxc6 Rxc6 19. dxc6 Rd3 $17 {[%mdl 64] Double Attack}) 18... Qa3) 18. Nxc6 $16 Bxe1 19. Rxe1 {Strongly threatening g4.} Re8 $2 {[#]} (19... Rd7 $16) 20. g4 $1 $18 {[%cal Bg2g4,Bg4f5][%mdl 32]} e6 {aiming for ...exd5.} 21. gxf5 exd5 (21... exf5 $142 22. Ra1 a6) 22. Rxe8+ Rxe8 23. Nxd5 Qd6 24. f6 Re1+ 25. Kg2 h5 26. Nce7+ Kh7 27. Ne3 Qd4 $2 {[#]} (27... h4 28. N7d5 Qe5) 28. Nc2 {[%mdl 64] Double Attack. Accuracy: White = 68%, Black = 26%.} 1-0

[Event "IM Marmaris Karia IV 2019"]
[Site "Marmaris"]
[Date "2019.01.30"]
[Round "7.2"]
[White "Tanriverdi, Enes"]
[Black "Rzayev, Bahruz"]
[Result "1-0"]
[WhiteElo "2283"]
[BlackElo "2359"]
[Annotator "TA"]
[PlyCount "57"]
[EventDate "2019.01.27"]
[EventType "schev"]
[EventCountry "TUR"]
[SourceTitle "playchess.com"]
[Source "ChessBase"]
[SourceQuality "1"]

{[%evp 26,57,64,37,87,75,88,40,112,111,104,76,90,94,115,130,124,119,104,49,63,56,64,11,33,-41,-39,-40,29990,29991,29991,29969,29992,29993]} 1. d4 Nf6 2. c4 g6 3. Nc3 Bg7 4. e4 d6 5. Nf3 Bg4 6. Be3 O-O 7. Be2 Nfd7 8. Rc1 c5 9. d5 Na6 10. O-O Nc7 {E91: King's Indian: Classical: 6 Be2, unusual replies including 6...c5 and 6...Bg4} 11. h3 Bxf3 12. Bxf3 Rb8 (12... Re8 13. Be2 a6 14. Qd2 e6 15. Rfe1 exd5 16. exd5 Qh4 17. Bg4 Rxe3 18. Qxe3 {0-1 (35) Brown,M (2506)-Mamedyarov,S (2804) chess.com INT 2018}) 13. Be2 a6 14. a4 {LiveBook: 3 Games} b6 15. Qd2 Re8 16. f4 Nf8 $146 (16... e6 $1 $14) ({Predecessor:} 16... e6 17. dxe6 Nxe6 18. Bf3 {½-½ (73) Masek,M (2189)-Strebkovs,A (2334) Prague 2014}) 17. f5 $16 Nd7 18. Rf2 Ne5 19. Rcf1 b5 20. cxb5 axb5 21. axb5 c4 22. Bd4 (22. fxg6 $16 fxg6 23. b3) 22... Nxb5 $14 23. Nxb5 Rxb5 24. fxg6 (24. Bc3 $14) 24... fxg6 $11 25. Bxe5 ({White should try} 25. h4 $14) 25... Bxe5 $15 26. Rf7 {White threatens Qh6 and mate.} Bf6 $2 {[%mdl 8192] [#]} (26... Qb6+ $15 27. Kh1 Qd4 28. Qxd4 (28. Qh6 Bg7 $15) 28... Bxd4 29. Bxc4 Rxb2) 27. Qh6 $3 {[%csl Gf7][%cal Rh6h7][%mdl 512] White mates.} Kxf7 28. Qxh7+ Kf8 29. Bg4 {Accuracy: White = 24%, Black = 35%.} 1-0

[Event "IM Marmaris Karia IV 2019"]
[Site "Marmaris"]
[Date "2019.01.30"]
[Round "7.3"]
[White "Hamidi, Amir Mohammad"]
[Black "Darban, Morteza"]
[Result "1/2-1/2"]
[WhiteElo "2221"]
[BlackElo "2333"]
[Annotator "TA"]
[PlyCount "32"]
[EventDate "2019.01.27"]
[EventType "schev"]
[EventCountry "TUR"]
[SourceTitle "playchess.com"]
[Source "ChessBase"]
[SourceQuality "1"]

{[%evp 30,32,0,0,0]} 1. e4 e5 2. Nf3 Nc6 3. Bb5 a6 4. Bxc6 dxc6 5. O-O Bg4 6. h3 h5 {[%cal Bh7h5,Bh5g4][%mdl 32]} 7. c3 Qd3 8. hxg4 hxg4 9. Nxe5 {[%mdl 64] [#] Double Attack} Bd6 10. Nxd3 Bh2+ 11. Kh1 Bd6+ $146 12. Kg1 Bh2+ 13. Kh1 Bd6+ 14. Kg1 Bh2+ 15. Kh1 Bd6+ 16. Kg1 Bh2+ {C68: Ruy Lopez: Exchange Variation, sidelines} 1/2-1/2

[Event "IM Marmaris Karia IV 2019"]
[Site "Marmaris"]
[Date "2019.01.30"]
[Round "7.4"]
[White "Mammadova, Narmin"]
[Black "Haussernot, Cecile"]
[Result "1-0"]
[WhiteElo "2219"]
[BlackElo "2157"]
[Annotator "TA"]
[PlyCount "53"]
[EventDate "2019.01.27"]
[EventType "schev"]
[EventCountry "TUR"]
[SourceTitle "playchess.com"]
[Source "ChessBase"]
[SourceQuality "1"]

{[%evp 10,53,30,27,28,-6,76,65,82,58,79,21,32,28,30,20,74,24,38,14,22,19,31,-11,-23,-22,-14,-49,0,0,0,0,0,0,319,337,649,643,746,736,725,711,677,623,621,598]} 1. e4 c5 2. c3 d5 3. exd5 Qxd5 4. Nf3 $146 ({Predecessor:} 4. d4 Nc6 {½-½ (43) Ardelean,G (2510)-Cheparinov,I (2700) Legnica 2013}) 4... Nc6 5. d4 Bf5 6. Be3 Nf6 {B22: Sicilian: 2 c3} 7. Qb3 O-O-O (7... cxd4 $11 {keeps the balance.} 8. Bc4 Na5 9. Bb5+ Kd8 10. Qxd5+ Nxd5 11. cxd4 (11. Nxd4 Bg6 $11) 11... a6) 8. dxc5 Ng4 {White is slightly better.} ({Predecessor:} 8... e5 9. Nbd2 Qd7 10. Bb5 Ng4 11. O-O-O Nxe3 12. fxe3 Qc7 13. Qa3 Kb8 14. Nc4 {½-½ (43) Ardelean,G (2510)-Cheparinov,I (2700) Legnica 2013}) 9. Qxd5 Rxd5 10. b4 (10. Nbd2 $16) 10... g6 $11 11. Nbd2 Bg7 12. Rc1 Bd3 (12... Nce5 $11) 13. Nc4 Rhd8 14. Bxd3 Rxd3 15. Ke2 {And now b5 would win.} Rxc3 16. b5 Nb4 17. Rxc3 Bxc3 18. Rc1 Bg7 19. Bd2 Nd3 {[%mdl 64] Double Attack} 20. Rc2 Ngxf2 21. b6 $36 {[%mdl 2048] White is pushing.} a6 $2 {[%mdl 8192] [#]} (21... axb6 $11 {and Black has nothing to worry.} 22. cxb6 Kb8) 22. Na5 $1 $18 Kb8 $2 (22... Rd7 23. c6 bxc6) 23. c6 {Strongly threatening c7+.White is clearly winning.} Rc8 24. c7+ Ka8 25. Be3 Nb4 26. Rc4 Nfd3 27. a3 {Accuracy: White = 54%, Black = 33%.} 1-0

[Event "IM Marmaris Karia IV 2019"]
[Site "Marmaris"]
[Date "2019.01.30"]
[Round "7.5"]
[White "Alaz, Ahmet Efekan"]
[Black "Mammadov, Zaur"]
[Result "1/2-1/2"]
[WhiteElo "2218"]
[BlackElo "2448"]
[Annotator "TA"]
[PlyCount "53"]
[EventDate "2019.01.27"]
[EventType "schev"]
[EventCountry "TUR"]
[SourceTitle "playchess.com"]
[Source "ChessBase"]
[SourceQuality "1"]

{[%evp 20,53,-3,-38,-28,-30,0,-12,-18,-38,-9,-16,-3,-28,-35,-25,-26,-17,19,19,19,0,0,-3,21,23,39,26,27,0,39,0,25,0,41,0]} 1. e4 e6 2. d4 d5 3. exd5 exd5 4. Bd3 Nc6 5. c3 Bd6 6. Nf3 Nge7 7. O-O Bg4 8. Bg5 f6 9. Bh4 Qd7 10. Nbd2 O-O-O 11. Re1 Nf5 {C01: French: Exchange Variation} 12. Bg3 Bxg3 $146 ({Predecessor:} 12... Nxg3 13. hxg3 h5 14. Qc2 Kb8 15. Nh4 g5 16. Nf5 h4 17. Nf1 hxg3 18. fxg3 Bxf5 19. Bxf5 {0-1 (37) Bezgodova,M (2172)-Aulia,M (2301) Kocaeli 2013}) 13. hxg3 Nd6 {The position is equal.} 14. Qc2 Bf5 15. Re2 Rde8 16. Rae1 Rxe2 17. Rxe2 Bxd3 18. Qxd3 Qf5 19. Qxf5+ Nxf5 20. Ne1 Kd7 21. Nd3 b6 22. Nf4 Kd6 23. Re6+ Kd7 24. Re2 Kd6 25. Re6+ Kd7 26. Re2 Kd6 27. Re6+ {Accuracy: White = 16%, Black = 41%.} 1/2-1/2

[Event "IM Marmaris Karia IV 2019"]
[Site "Marmaris"]
[Date "2019.01.30"]
[Round "8.2"]
[White "Darban, Morteza"]
[Black "Tanriverdi, Enes"]
[Result "0-1"]
[WhiteElo "2333"]
[BlackElo "2283"]
[Annotator "NA"]
[PlyCount "56"]
[EventDate "2019.01.27"]
[EventType "schev"]
[EventCountry "TUR"]
[SourceTitle "playchess.com"]
[Source "ChessBase"]
[SourceQuality "1"]
[TimeControl "5400+30"]

1. e4 {[%emt 0:02:30]} c5 {[%emt 0:00:30]} 2. Nc3 {[%emt 0:00:30]} Nc6 {[%emt 0:00:00]} 3. g3 {[%emt 0:00:30]} g6 {[%emt 0:00:00]} 4. Bg2 {[%emt 0:00:00]} Bg7 {[%emt 0:00:30]} 5. f4 {[%emt 0:00:00]} d6 {[%emt 0:00:30]} 6. d3 {[%emt 0:00:30]} e6 {[%emt 0:00:00]} 7. Nf3 {[%emt 0:00:30]} Nge7 {[%emt 0:00:00]} 8. O-O {[%emt 0:00:30]} O-O {[%emt 0:00:00]} 9. Be3 {[%emt 0:00:30]} Nd4 {[%emt 0:02:00]} 10. Bxd4 {[%emt 0:01:30] B25: Closed Sicilian: 3 g3, lines without early Be3} (10. Qd2 Rb8 11. Rae1 b5 12. Nd1 b4 13. g4 f5 14. gxf5 gxf5 15. Ng5 h6 16. Nh3 Ng6 17. c3 bxc3 18. bxc3 Nb5 19. exf5 exf5 20. a4 {½-½ (45) Pridorozhni,A (2565)-Sarana,A (2541) Sochi 2017}) 10... cxd4 {[%emt 0:00:30]} 11. Ne2 {[%emt 0:00:00]} e5 {[%emt 0:00:00]} 12. fxe5 {[%emt 0:09:00]} dxe5 {[%emt 0:00:00]} 13. c4 $146 {[%emt 0:00:00]} ({Predecessor:} 13. c3 Nc6 14. cxd4 Nxd4 15. Nfxd4 exd4 16. Qd2 Bd7 17. Qb4 Bc6 {0-1 (26) Abdullah,A-Samadi,A Dubai 2003}) 13... f5 {[%emt 0:00:30]} 14. Nd2 {[%emt 0:07:00]} Be6 {[%emt 0:03:30]} 15. b4 {[%emt 0:00:30]} Qd7 {[%emt 0:00:30]} 16. a3 {[%emt 0:00:30]} Rac8 {[%emt 0:07:30]} 17. Nc1 {[%emt 0:06:30]} b6 {[%emt 0:00:30]} 18. Ncb3 {[%emt 0:00:00]} fxe4 {[%emt 0:00:30]} 19. Rxf8+ {[%emt 0:03:00]} Rxf8 {[%emt 0:00:30]} 20. dxe4 {[%emt 0:00:30]} Bh6 $17 {[%emt 0:04:30]} 21. Qe2 {[%emt 0:08:30]} Be3+ {[%emt 0:00:30]} 22. Kh1 {[%emt 0:05:30]} Rf2 {[%emt 0:01:30]} 23. Qd3 {[%emt 0:02:30]} Bh3 {[%emt 0:00:30]} 24. Bf3 {[%emt 0:07:30]} Qe8 {[%emt 0:02:30]} 25. Rg1 {[%emt 0:04:30]} Qf7 {[%emt 0:02:30]} 26. Be2 {[%emt 0:10:30]} Qf8 {[%emt 0:01:30]} 27. Nf1 {[%emt 0:04:30]} Qh6 {[%emt 0:01:30]} 28. Nxe3 {[%emt 0:00:00]} Rxh2+ {[%emt 0:00:30]} 0-1

[Event "IM Marmaris Karia IV 2019"]
[Site "Marmaris"]
[Date "2019.01.30"]
[Round "8.3"]
[White "Haussernot, Cecile"]
[Black "Hamidi, Amir Mohammad"]
[Result "0-1"]
[WhiteElo "2157"]
[BlackElo "2221"]
[Annotator "NA"]
[PlyCount "64"]
[EventDate "2019.01.27"]
[EventType "schev"]
[EventCountry "TUR"]
[SourceTitle "playchess.com"]
[Source "ChessBase"]
[SourceQuality "1"]
[TimeControl "5400+30"]

1. e4 {[%emt 0:06:30]} c5 {[%emt 0:00:30]} 2. Nf3 {[%emt 0:00:00]} d6 {[%emt 0:00:00]} 3. d4 {[%emt 0:00:00]} cxd4 {[%emt 0:00:00]} 4. Nxd4 {[%emt 0:00:00]} Nf6 {[%emt 0:00:00]} 5. Nc3 {[%emt 0:00:00]} a6 {[%emt 0:00:00]} 6. Bg5 {[%emt 0:00:30]} e6 {[%emt 0:00:00]} 7. f4 {[%emt 0:00:30]} h6 {[%emt 0:00:00]} 8. Bh4 {[%emt 0:00:00]} Qb6 {[%emt 0:00:30]} 9. a3 {[%emt 0:01:00]} Nbd7 $146 {[%emt 0:00:00] B96: Sicilian Najdorf: 6 Bg5 e6 7 f4, lines other than 7...Qb6 and 7...Be7} ({Predecessor:} 9... Be7 10. Bf2 Qc7 11. Qf3 Nbd7 12. Bd3 b5 13. O-O {0-1 (61) Solak,D (2611)-Vachier Lagrave,M (2742) Rhodes 2013}) 10. Bf2 {[%emt 0:00:30]} Qc7 {[%emt 0:00:00]} 11. Qf3 {[%emt 0:04:30]} b5 {[%emt 0:00:30]} 12. Bd3 {[%emt 0:00:30]} Bb7 {[%emt 0:00:30]} 13. O-O {[%emt 0:00:30]} Be7 {[%emt 0:01:30]} 14. f5 {[%emt 0:06:30]} ({Predecessor:} 14. Qh3 O-O 15. Rae1 Rfe8 16. Kh1 Nc5 17. Bh4 Nxd3 18. cxd3 {0-1 (61) Solak,D (2611)-Vachier Lagrave,M (2742) Rhodes 2013}) 14... e5 {[%emt 0:03:30]} 15. Nde2 {[%emt 0:00:30]} Nb6 {[%emt 0:00:30]} 16. b3 {[%emt 0:12:30]} d5 {[%emt 0:00:30]} 17. exd5 {[%emt 0:00:30]} Nbxd5 {[%emt 0:00:00]} 18. Ne4 {[%emt 0:01:30]} O-O {[%emt 0:07:00]} 19. N2g3 {[%emt 0:02:30]} Rac8 {[%emt 0:05:30]} 20. c4 {[%emt 0:07:30]} bxc4 {[%emt 0:03:30]} 21. bxc4 {[%emt 0:01:30]} Nc3 {[%emt 0:02:30]} 22. Nxf6+ {[%emt 0:07:30]} Bxf6 {[%emt 0:00:30]} 23. Qg4 {[%emt 0:00:00]} Rfd8 {[%emt 0:04:30]} 24. Nh5 {[%emt 0:01:00]} Rxd3 {[%emt 0:00:00]} 25. Nxf6+ {[%emt 0:00:30]} Kh8 {[%emt 0:00:00]} 26. Nh5 {[%emt 0:00:30]} f6 {[%emt 0:00:30]} 27. Bh4 {[%emt 0:04:30]} Qf7 {[%emt 0:00:30]} 28. Bg3 {[%emt 0:05:30]} Rxc4 {[%emt 0:01:30]} 29. Qh3 {[%emt 0:00:30]} Ne2+ {[%emt 0:00:00]} 30. Kh1 {[%emt 0:00:00]} Nf4 {[%emt 0:00:00]} 31. Nxf4 {[%emt 0:05:00]} exf4 {[%emt 0:00:30]} 32. Qg4 {[%emt 0:00:30]} f3 {[%emt 0:00:30]} 0-1